000 01483cam a2200409 i 4500
001 26097
003 Mx-PuUPA
005 20251029111117.0
008 140415s2013 sp gr 000 f spa d
020 _a9788415729228
040 _aMx-PuUPA
_bspa
_cMx-PuUPA
_dMx-PuUPA
_erda
041 1 _aspa
_heng
043 _an-us-nc
100 1 _aSparks, Nicholas,
_d1965-
_917635
_eautor
240 1 4 _aThe notebook.
_lEspañol
245 1 3 _aDiario de una pasión /
_b
_cNicholas Sparks ; traducción de Iolanda Rabascall
250 _aPrimera edición /
_bnoviembre
264 1 _aBarcelona :
_bRoca Editorial de Libros,
_c2013
300 _a185 páginas ;
_c19 cm
336 _2rdacontent
_atexto
_btxt
337 _2rdamedia
_asin medio
_bn
338 _2rdacarrier
_avolumen
_bnc
490 0 _aRocabolsillo
490 0 _aFicción
500 _a"Por el autor de La última canción y Noches de tormeta". -- Cubierta
600 1 4 _aSparks, Nicholas,
_xDiario
_xEstudio y enseñanza
650 7 _2armarc
_aLectura oral
_vNovela
650 7 _2armarc
_aPersonas mayores
_vNovelas
651 4 _aCarolina del Norte
_vNovela
700 1 _aRabascall, Iolanda,
_etraductor
765 0 _aSparks, Nicholas, 1965-
_dNueva York : Grand Central Publishing, ©1996
_tThe notebook.
942 _2ddc
_cLI
_h813.54
_iS7318
999 _c26097
_d26097